书目信息 |
| 题名: |
机构组成原理
|
|
| 作者: | 曹惟庆 编 | |
| 分册: | ||
| 出版信息: | 北京 高等教育出版社 1983.8 |
|
| 页数: | 60页 | |
| 开本: | 20cm | |
| 丛书名: | ||
| 单 册: | ||
| 中图分类: | TH111 | |
| 科图分类: | ||
| 主题词: | 机构学 | |
| 电子资源: | ||
| ISBN: | ||
| 000 | 00468nam0 2200181 45 | |
| 001 | 0312221749 | |
| 005 | 20060418092151.70 | |
| 010 | @dCNY0.36 | |
| 100 | @a20031222d1983 km y0chiy0120 ea | |
| 101 | @achi | |
| 200 | 1 | @a机构组成原理@AJi Gou Zu Cheng Yuan Li@f曹惟庆编@FCao Wei Qing Bian |
| 210 | @a北京@c高等教育出版社@d1983.8 | |
| 215 | @a60页@d20cm | |
| 606 | 0 | @a机构学 |
| 690 | @aTH111@v3 | |
| 701 | 0 | @a曹惟庆@4编 |
| 801 | @aCN@bTSTCL@c20060418 | |
| 905 | @dTH111@e20 | |
| 机构组成原理/曹惟庆编.-北京:高等教育出版社,1983.8 |
| 60页;20cm |
| ISBN :CNY0.36 |
| ● |
| 相关链接 |
|
|
|
|
正题名:机构组成原理
索取号:TH111/20
 
预约/预借
| 序号 | 登录号 | 条形码 | 馆藏地/架位号 | 状态 | 备注 |
| 1 | 0123327 | 202249094 | 密集书库/ [索取号:TH111/20] | 在馆 | |
| 2 | 0123328 | 001363697 | 第二样本阅览室/ [索取号:TH111/20] | 在馆 | |
| 3 | 0123329 | 001364641 | 第三借阅区/ [索取号:TH111/20] | 在馆 | |
| 4 | 0123330 | 001364605 | 第三借阅区/ [索取号:TH111/20] | 在馆 | |
| 5 | 0123331 | 202249085 | 密集书库/ [索取号:TH111/20] | 在馆 |